00725nam a22002057a 450000500170000001000150001702000270003203500140005903700090007308200130008224500710009525000060016626000460017227000610021830000210027970000260030094200240032699900190035095201500036920250509110558.0 aENG-143085 a 9789394336018c595.00 aEN-126617 bDBAD a380.122 aPrinciples of Marketing/cby Parveen Kaur Lamba [and] Parveen Kaur a2 aNew DelhibJSR Publishing House LLPc2023 aWZ 61/8A, Vashisth Park, Pankha Road,bNew Delhie110046 avpp. c24cm.(pb) aKaur, Parveen 975170 2ddccENh380.1mLAM c207701d207701 001040708NFICaJPbJPd2024-12-13eDelivery of Books Divisiong595.00l0o380.1 LAMpEN-126617r2024-12-13 00:00:00t1v595.00w2024-12-13yEN